San Félix Papa (Record no. 1959)
[ view plain ]
| 000 -CABECERA | |
|---|---|
| campo de control de longitud fija | 00854nam a2200217 a 4500 |
| 001 - NÚMERO DE CONTROL | |
| campo de control | BRCA_2203 |
| 005 - FECHA Y HORA DE LA ÚLTIMA TRANSACCIÓN | |
| campo de control | 20190320203719.0 |
| 008 - DATOS DE LONGITUD FIJA--INFORMACIÓN GENERAL | |
| campo de control de longitud fija | 981028s1997 mx-#---###---s000-0dspa-d |
| 040 ## - FUENTE DE LA CATALOGACIÓN | |
| Centro catalogador/agencia de origen | EMU |
| Centro/agencia transcriptor | EMU |
| Centro/agencia modificador | DLC |
| 050 #4 - SIGNATURA TOPOGRÁFICA DE LA BIBLIOTECA DEL CONGRESO | |
| Número de clasificación | BX1431.A8 |
| Número de documento/Ítem | .S26 1997 |
| 245 10 - MENCIÓN DE TÍTULO | |
| Título | San Félix Papa |
| Resto del título | patrono espiritual de la Villa de Atlixco |
| Mención de responsabilidad, etc. | noticia biográfica Pedro Angel Palou. |
| 260 ## - PUBLICACIÓN, DISTRIBUCIÓN, ETC. | |
| Lugar de publicación, distribución, etc. | Puebla |
| Nombre del editor, distribuidor, etc. | Secretaría de Cultura |
| Fecha de publicación, distribución, etc. | 1997 |
| 300 ## - DESCRIPCIÓN FÍSICA | |
| Extensión | 93 p. |
| Dimensiones | 28 cm. |
| 600 14 - PUNTO DE ACCESO ADICIONAL DE MATERIA--NOMBRE DE PERSONA | |
| Nombre de persona | Felix |
| Títulos y otros términos asociados al nombre | Saint, Bishop of Tubyza |
| Fechas asociadas al nombre | d. 303 |
| Subdivisión de forma | Fuentes |
| Subdivisión general | Culto |
| Subdivisión geográfica | México |
| 9 (RLIN) | 6634 |
| 650 14 - PUNTO DE ACCESO ADICIONAL DE MATERIA--TÉRMINO DE MATERIA | |
| Término de materia o nombre geográfico como elemento de entrada | Santuarios cristianos |
| Subdivisión de forma | Fuentes |
| Subdivisión geográfica | México |
| 9 (RLIN) | 6635 |
| 650 14 - PUNTO DE ACCESO ADICIONAL DE MATERIA--TÉRMINO DE MATERIA | |
| Término de materia o nombre geográfico como elemento de entrada | Iglesia católica |
| Subdivisión de forma | Fuentes |
| Subdivisión geográfica | México |
| 9 (RLIN) | 6636 |
| 651 #4 - PUNTO DE ACCESO ADICIONAL DE MATERIA--NOMBRE GEOGRÁFICO | |
| Nombre geográfico | Atlixco (México) |
| Subdivisión de forma | Fuentes |
| Subdivisión general | Historia de iglesias |
| Subdivisión cronológica | Siglo XVI |
| 9 (RLIN) | 6637 |
| 700 1# - PUNTO DE ACCESO ADICIONAL--NOMBRE DE PERSONA | |
| Nombre de persona | Vázquez y Sánchez Vizcaíno, Francisco Pablo |
| Fechas asociadas al nombre | 1769-1847 |
| 9 (RLIN) | 6638 |
| 700 1# - PUNTO DE ACCESO ADICIONAL--NOMBRE DE PERSONA | |
| Nombre de persona | Palou, Pedro Angel |
| 9 (RLIN) | 6447 |
| 942 ## - ELEMENTOS DE PUNTO DE ACCESO ADICIONAL (KOHA) | |
| Fuente del sistema de clasificación o colocación | Library of Congress Classification |
| Tipo de ítem Koha | Libros |
| Estado de retiro | Estado de pérdida | Estado dañado | No para préstamo | Localización permanente | Ubicación/localización actual | Fecha de adquisición | Total de préstamos | Signatura topográfica completa | Código de barras | Fecha visto por última vez | Precio válido a partir de | Tipo de ítem Koha |
|---|---|---|---|---|---|---|---|---|---|---|---|---|
| El ejemplar forma parte de la colección y puede ser consultado según las políticas vigentes. | Biblioteca del Museo Franz Mayer (Rogerio Casas-Alatriste) | Biblioteca del Museo Franz Mayer (Rogerio Casas-Alatriste) | 14/08/2008 | BX1431.A8 .S26 1997 | 01801 | 22/03/2019 | 22/03/2019 | Libros |